| 000 | 00504cam a2200193ua 4500 | ||
|---|---|---|---|
| 001 | 3564 | ||
| 005 | 20260515113711.0 | ||
| 008 | 111121n ii |||gr||||Z||||||eng | ||
| 040 | _cMAIN | ||
| 082 | _a320.5 | ||
| 100 |
_aBarua, Indrani, _eAuthor. |
||
| 245 | 1 | 1 |
_aIntroduction to political theory _cby Indrani Barua |
| 250 | _a1st. | ||
| 260 |
_aGuwahati: _bPurbanchal Prakash,989. |
||
| 300 |
_a115p: _c23cm. |
||
| 653 | _aPolitical science | ||
| 653 | _aIntroduction to political theory | ||
| 942 | _cBK | ||
| 999 |
_c3403 _d3403 |
||